Week 3 Fantasy Football leaders 2023-2024 - Statistics

General Stats
  • This quiz has been taken 27 times
  • The average score is 16 of 25
Answer Stats
Points Scored Position Answer % Correct
47.3 Running back De'Von Achane
100%
38.2 Running back Raheem Mostert
100%
21.32 Quarterback Josh Allen
96%
29.3 Quarterback Justin Herbert
96%
27.46 Wide Receiver Keenan Allen
96%
21.7 Wide Receiver Tyreek Hill
91%
25.68 Quarterback Patrick Mahomes
87%
28.36 Quarterback Tua Tagovailoa
87%
20.9 Wide Receiver Justin Jefferson
78%
28.18 Quarterback Lamar Jackson
78%
20.3 Quarterback Brock Purdy
65%
25.68 Quarterback Kirk Cousins
65%
29.2 Wide Receiver Davante Adams
61%
18.1 Wide Receiver Mike Williams
61%
20.6 Quarterback CJ Stroud
57%
19.1 Wide Receiver Deebo Samuel
57%
19.88 Quarterback Jalen Hurts
57%
24.26 Quarterback Jordan Love
52%
21.16 Quarterback Deshaun Watson
43%
27.6 Running back Kenneth Walker
43%
18.5 Quarterback Kenny Pickett
30%
20.5 Wide Receiver Tank Dell
30%
20.5 Wide Receiver Adam Thielen
22%
20.5 Running back Zack Moss
17%
23.54 Quarterback Andy Dalton
13%
No matching quizzes found
Score Distribution
Percent of People with Each Score
Percentile by Number Answered
Your Score History
You have not taken this quiz